[Event "Wch U08 rapid"]
[Site "Batumi"]
[Date "2023.06.08"]
[Round "9"]
[White "Bashar, Aikozha"]
[Black "Shiraliyev, Muslim"]
[Result "1-0"]
[WhiteElo "1384"]
[BlackElo "1136"]
[PlyCount "83"]
[EventDate "2023.06.06"]
[EventType "swiss (rapid)"]
[EventRounds "11"]
[EventCountry "GEO"]
[SourceTitle "EXT 2024"]
[Source "ChessBase"]
[SourceDate "2023.10.10"]
[SourceVersion "1"]
[SourceVersionDate "2023.10.10"]
[SourceQuality "1"]
[WhiteTeam "Kazakhstan"]
[BlackTeam "Azerbaijan"]
[WhiteTeamCountry "KAZ"]
[BlackTeamCountry "AZE"]

1. e4 c5 2. Nf3 e6 3. c3 d5 4. e5 d4 5. Bb5+ Bd7 6. Bxd7+ Nxd7 7. cxd4 cxd4 8. d3 Bb4+ 9. Bd2 Qb6 10. 0-0 Ne7 11. Bxb4 Qxb4 12. Qd2 Qb5 13. Na3 Qd5 14. Nc4 0-0 15. Qb4 Ng6 16. Rfe1 b5 17. Nd6 Ngxe5 18. Nxe5 Nxe5 19. Qxb5 Qxb5 20. Nxb5 Nxd3 21. Red1 Nxb2 22. Rxd4 a6 23. Nc3 Rac8 24. Na4 Nxa4 25. Rxa4 Rc6 26. g3 h6 27. Rb1 Rfc8 28. Kg2 Rd8 29. Rb7 Rd2 30. Rf4 f6 31. a4 e5 32. Rf5 Rc4 33. Rf3 Rxa4 34. Rc3 Raa2 35. Rcc7 Rxf2+ 36. Kh3 Rxh2+ 37. Kg4 h5+ 38. Kf5 Rab2 39. Rxg7+ Kf8 40. Rbf7+ Ke8 41. Kg6 Kd8 42. Rf8# 1-0

[Event "Wch U08 rapid"]
[Site "Batumi"]
[Date "2023.06.08"]
[Round "11"]
[White "Jakhaia, Andria"]
[Black "Shiraliyev, Muslim"]
[Result "1-0"]
[WhiteElo "1292"]
[BlackElo "1136"]
[PlyCount "33"]
[EventDate "2023.06.06"]
[EventType "swiss (rapid)"]
[EventRounds "11"]
[EventCountry "GEO"]
[SourceTitle "EXT 2024"]
[Source "ChessBase"]
[SourceDate "2023.10.10"]
[SourceVersion "1"]
[SourceVersionDate "2023.10.10"]
[SourceQuality "1"]
[WhiteTeam "Georgia"]
[BlackTeam "Azerbaijan"]
[WhiteTeamCountry "GEO"]
[BlackTeamCountry "AZE"]

1. d4 Nf6 2. Nc3 d5 3. Bf4 c5 4. e3 Nc6 5. Nb5 Qa5+ 6. c3 e5 7. dxe5 Ng4 8. e6 Nge5 9. exf7+ Kxf7 10. Bxe5 Nxe5 11. Qxd5+ Kf6 12. f4 Nf7 13. Bc4 Ke7 14. Qxf7+ Kd8 15. Rd1+ Bd6 16. Rxd6+ Bd7 17. Qxd7# 1-0

[Event "Wch U08 rapid"]
[Site "Batumi"]
[Date "2023.06.08"]
[Round "10"]
[White "Shiraliyev, Muslim"]
[Black "Melkonyan, Davit"]
[Result "1-0"]
[WhiteElo "1136"]
[BlackElo "1223"]
[PlyCount "107"]
[EventDate "2023.06.06"]
[EventType "swiss (rapid)"]
[EventRounds "11"]
[EventCountry "GEO"]
[SourceTitle "EXT 2024"]
[Source "ChessBase"]
[SourceDate "2023.10.10"]
[SourceVersion "1"]
[SourceVersionDate "2023.10.10"]
[SourceQuality "1"]
[WhiteTeam "Azerbaijan"]
[BlackTeam "Armenia"]
[WhiteTeamCountry "AZE"]
[BlackTeamCountry "ARM"]

1. d4 d5 2. c4 dxc4 3. e4 Nf6 4. e5 Nd5 5. Bxc4 Nb6 6. Bb3 Nc6 7. Nf3 e6 8. Be3 Be7 9. Nc3 0-0 10. 0-0 a5 11. d5 exd5 12. Nxd5 Nxd5 13. Bxd5 Nb4 14. Bb3 Qxd1 15. Raxd1 c6 16. a3 a4 17. Bc4 Na6 18. Bxa6 Rxa6 19. Nd4 c5 20. Nb5 Rb6 21. Nc3 Ra6 22. Nd5 Re6 23. Nxe7+ Rxe7 24. Bxc5 Rxe5 25. Bxf8 Kxf8 26. Rd8+ Re8 27. Rxe8+ Kxe8 28. Rc1 Bd7 29. Rc7 Bc6 30. Rc8+ Ke7 31. f3 g6 32. Kf2 Kd7 33. Rh8 h5 34. Ke3 Ke7 35. Kd4 Be8 36. Kc5 f6 37. Kb6 f5 38. Kxb7 Bf7 39. Rh7 Kf8 40. Kb6 Kg8 41. Rxf7 Kxf7 42. Ka5 g5 43. Kxa4 g4 44. f4 Ke6 45. b4 Kd5 46. b5 Ke4 47. b6 Kxf4 48. b7 Kg5 49. b8Q f4 50. Qe5+ Kh4 51. h3 f3 52. gxf3 g3 53. Qe1 Kxh3 54. Qh1# 1-0

[Event "Wch U08 rapid"]
[Site "Batumi"]
[Date "2023.06.06"]
[Round "2"]
[White "Shiraliyev, Muslim"]
[Black "Muhammad Shayan, Noushad Ibrahim"]
[Result "0-1"]
[WhiteElo "1136"]
[BlackElo "1396"]
[PlyCount "124"]
[EventDate "2023.06.06"]
[EventType "swiss (rapid)"]
[EventRounds "11"]
[EventCountry "GEO"]
[SourceTitle "EXT 2024"]
[Source "ChessBase"]
[SourceDate "2023.10.10"]
[SourceVersion "1"]
[SourceVersionDate "2023.10.10"]
[SourceQuality "1"]
[WhiteTeam "Azerbaijan"]
[BlackTeam "Indien"]
[WhiteTeamCountry "AZE"]
[BlackTeamCountry "IND"]

1. d4 d5 2. c4 c6 3. Nf3 Nf6 4. Nc3 Bf5 5. Bg5 e6 6. cxd5 cxd5 7. Qb3 Qb6 8. Bxf6 gxf6 9. e3 Nc6 10. Be2 Bd6 11. Nb5 Bb4+ 12. Nc3 Bxc3+ 13. Qxc3 Nb4 14. 0-0 0-0 15. a3 Nc6 16. Bd3 Bg6 17. Rfe1 Rac8 18. Qd2 e5 19. dxe5 Bxd3 20. Qxd3 Nxe5 21. Nxe5 fxe5 22. Qxd5 Rc5 23. Qf3 Kh8 24. b4 Rcc8 25. Rac1 Rcd8 26. Red1 f6 27. Rxd8 Rxd8 28. Rd1 Rg8 29. h3 Qe6 30. Kh2 b6 31. Qb7 Qf5 32. Rd7 Qg6 33. Qd5 Qg5 34. Rd8 Rxd8 35. Qxd8+ Qg8 36. Qxf6+ Qg7 37. Qxg7+ Kxg7 38. Kg3 Kf6 39. Kg4 a5 40. bxa5 bxa5 41. e4 a4 42. Kh5 Kf7 43. Kh6 Kg8 44. g4 Kh8 45. g5 Kg8 46. f4 exf4 47. e5 f3 48. e6 f2 49. e7 Kf7 50. Kxh7 f1Q 51. g6+ Kxe7 52. h4 Qf5 53. Kh6 Kf6 54. h5 Qg5+ 55. Kh7 Qxh5+ 56. Kg8 Kxg6 57. Kf8 Qh7 58. Ke8 Kf6 59. Kd8 Ke6 60. Kc8 Kd6 61. Kb8 Kc6 62. Ka8 Qb7# 0-1